| 000 | 01904cas a22003017a 4500 | ||
|---|---|---|---|
| 001 | 7129 | ||
| 003 | UA-OsUOA | ||
| 005 | 20230612125002.0 | ||
| 007 | ta | ||
| 008 | 200401c1996n ||un wr|n||00| 0 ukr dukr d | ||
| 040 |
_aUA-OsUOA _bukr _cUA-OsUOA _dUA-OsUOA |
||
| 041 | _aukr | ||
| 044 | _aUA | ||
| 080 | _a34 | ||
| 090 |
_a34 _bЮ70 |
||
| 099 | _a33787 | ||
| 245 |
_aЮридичний вісник України _bзагальнонаціональна правова газета _cгол. ред. Ротаенко О. |
||
| 260 |
_aК. _c1996 |
||
| 310 | _aщотижня | ||
| 505 | _aВидається з 1996 року у Києві. Авторами видання є відомі вітчизняні вчені, державні діячі, судді, юристи-практики. Газета висвітлює процеси реалізації і формування правової політики держави, розвитку правової науки і юридичної практики. Присутні аналітичні статті, коментарі до нормативних актів, а також інші матеріали щодо практичного застосування норм чинного законодавства, обговорення законодавчих колізій та пропозиції щодо їх усунення. Подається добірка практики судів загальної юрисдикції, вищих судових інстанцій і судової практики Європейського суду з прав людини. | ||
| 650 | 7 |
_2UDC _a34 Право. Юридичні науки |
|
| 856 | 4 | 0 | _uhttps://yvu.com.ua/ |
| 942 |
_cNP _2udc _s1 |
||
| 955 | _a1 | ||
| 962 | _d1996 | ||
| 999 |
_c293290 _d293290 |
||